000 00633nam a2200229 a 4500
005 20140310183306.0
008 041108s19uu xx 00 eng d
050 _aHF 5548.4
_b.C932 2005
100 _aCrisostomo, Conchita
245 _aSpreadsheets for windows/. /
_cConchita Camba Crisostomo.
250 _a4th ed.
260 _aManila, Philippines :
_b3K-IT Educational Services,
_c2005.
300 _a142 p. :
_bill. ;
_c23 cm.
521 _aIT
650 _aSpreadsheets (computer program).
942 _cBK
_2lcc
_kLOC
999 _c21083
_d21083